000 00455nam a2200169Ia 4500
003 OSt
005 20260306145540.0
008 211028s2009 xx 000 0 und d
040 _cAIMIT LIBRARY
041 _aeng
100 _aColaco, Shereen E; Hemalatha.
_g60471449
_93054
110 _aBharathi Pilar.
_93055
245 _aHuman resource management system /
260 _aMangalore
_c2009
710 _aIdaksh Technologies
_93056
942 _2ddc
_cPRO
999 _c217103
_d217103